01568cam a22004094i 4500003000900000005001700009008004100026035001900067040003300086082002100119100003400140245005600174264005000230300002300280336002100303337002500324338002300349505011900372526001000491526001000501526001000511526001000521526000800531526000800539526000800547526000800555526000800563526000800571526000800579600003900587942001400626949013200640596000600772999015600778980005500934952016900989PE-LiUPU20250731173141.0150623s r 000 0 d a(Sirsi) a27377 aPE-LiUPUbspacPE-LiUPUerda04a232.954bE142211 aEckenroth, Melvin K.,eautor.10aLife and teachings of Jesus /cMelvin K. Eckenroth. 1aWashington, DC :bMelvin K. Eckenroth,c1964. ap. varia ;c28 cm. atext2rdacontent aunmediated2rdamedia avolume2rdacarrier0 aDefinition of synoptics. The naming and brief background of "gospels". (a) Matthew. (b) Mark. (c) Luke. (d). John. aSEG42 aSEG41 aSEG40 aSEG39 aP94 aP87 aP86 aP85 aP77 aP76 aP351 aJesucristoxEnseñanza (Sílabo) 2ddccBOOK a232.954 E14wDEWEYc1i52658lCCODEBUL1mBULp08.00r0sYtBOOKu2015-06-24xTEOLOGIAPP350COMPRAo.STAFF. Colección General a1 a232.954 E14wDEWEYc34510i52658f2021-11-10g6lCCODEBUL1mBULp8.00r0sYtBOOKu2015-6-24xTEOLOGIAPP350COMPRAo.STAFF. Colección Generald34510 81gALBERTO SANCHEZ Responsable de Automatización r2025-12-03 00:00:00i7l0o232.954 E14p52658te1v13.00w2015-06-24xFTyBKzinventario-2023-12-13102ddc50708GENfP35aBULbBULcGENd2015-06-24eCOMPRAg8.00